000 00525nam a2200193Ia 4500
005 20250923144818.0
008 008 250917s9999 xx 000 0 eng d
037 _aTextual
040 _aDSWL
_beng
_cDSWL
041 _aeng
_2eng
084 _aTn2,N61, N61
_qDSWL
245 0 _aReview of education in India (1947-61)
260 _aNew Delhi
_bDelhiMinistry of Education
_c1961
300 _axl,1014p.
365 _aINR
_b30
925 _g30
942 _cTEXL
_hTn2,N61, N61
999 _c1443666
_d1443666